MARC details
| 000 -CABECERA |
| campo de control de longitud fija |
01502nam a2200325 4500 |
| 003 - IDENTIFICADOR DEL NÚMERO DE CONTROL |
| campo de control |
EC-UNACH |
| 005 - FECHA Y HORA DE LA ÚLTIMA TRANSACCIÓN |
| campo de control |
20260313155450.0 |
| 006 - CÓDIGOS DE INFORMACIÓN DE LONGITUD FIJA--CARACTERÍSTICAS DEL MATERIAL ADICIONAL |
| campo de control de longitud fija |
s||||gr|||| 00| 00 |
| 008 - DATOS DE LONGITUD FIJA--INFORMACIÓN GENERAL |
| campo de control de longitud fija |
150116t9999 mx r gr 000 0 spa d |
| 020 ## - NÚMERO INTERNACIONAL ESTÁNDAR DEL LIBRO |
| Número Internacional Estándar del Libro |
978-970-15-1251-7 |
| 040 ## - FUENTE DE LA CATALOGACIÓN |
| Centro catalogador/agencia de origen |
EC-UNACH |
| Centro/agencia transcriptor |
EC-UNACH |
| 041 ## - CÓDIGO DE LENGUA |
| Código de lengua del texto/banda sonora o título independiente |
spa |
| 050 ## - SIGNATURA TOPOGRÁFICA DE LA BIBLIOTECA DEL CONGRESO |
| Número de clasificación |
005.1 |
| 082 04 - NÚMERO DE LA CLASIFICACIÓN DECIMAL DEWEY |
| Número de edición |
23 |
| Número de clasificación |
005.1 |
| Número de documento/Ítem |
L018593 |
| 100 ## - ENTRADA PRINCIPAL--NOMBRE DE PERSONA |
| Nombre de persona |
Ceballos, Fco. Javier |
| 245 ## - MENCIÓN DE TÍTULO |
| Título |
Microsoft Visual Basic .Net |
| Resto del título |
Lenguaje y aplicaciones |
| 250 ## - MENCIÓN DE EDICIÓN |
| Mención de edición |
Segunda Edición |
| 264 ## - Producción, publicación, distribución, fabricación y copyright |
| Lugar de producción, publicación, distribución, fabricación |
México D.F., México |
| Nombre del de productor, editor, distribuidor, fabricante |
Alfaomega Grupo Editorial, S.A. |
| Fecha de de producción, publicación, distribución, fabricación o copyright |
2007 |
| 300 ## - DESCRIPCIÓN FÍSICA |
| Extensión |
520 páginas. |
| Otras características físicas |
Imágenes |
| Dimensiones |
17 x 23 cm. |
| 501 ## - NOTA DE "CON" |
| Nota de “Con” |
Incluye: Contenido, Apéndice, índice. |
| 505 ## - NOTA DE CONTENIDO CON FORMATO |
| Nota de contenido con formato |
Capítulo 1. Fases en el desarrollo de un programa -- Capítulo 2. Fundamentos de Visual Basic .Net -- Capítulo 3. Programación Orientada a Objetos -- Capitulo 4. Elementos del Lenguaje -- Capítulo 5. Escritura de un programa -- Capítulo 6 Clases de uso común -- Capítulo 7. Sentencias de Control -- Capítulo 8. Matrices -- Capítulo 9. Más sobre procedimientos -- Capítulo 10. Trabajos con fichero -- Capítulo 11. Aplicaciones con interfaz grafica -- Capítulo 12. Acceso a una base de datos -- Capítulo 13. Visual Basic e internet. |
| 650 ## - PUNTO DE ACCESO ADICIONAL DE MATERIA--TÉRMINO DE MATERIA |
| Término de materia o nombre geográfico como elemento inicial |
LENGUAJE DE PROGRAMACIÓN |
| 650 ## - PUNTO DE ACCESO ADICIONAL DE MATERIA--TÉRMINO DE MATERIA |
| Término de materia o nombre geográfico como elemento inicial |
ESTRUCTURA |
| 650 ## - PUNTO DE ACCESO ADICIONAL DE MATERIA--TÉRMINO DE MATERIA |
| Término de materia o nombre geográfico como elemento inicial |
PROGRAMACIÓN |
| 650 ## - PUNTO DE ACCESO ADICIONAL DE MATERIA--TÉRMINO DE MATERIA |
| Término de materia o nombre geográfico como elemento inicial |
HERRAMIENTAS |
| 942 ## - ELEMENTOS DE PUNTO DE ACCESO ADICIONAL (KOHA) |
| Fuente del sistema de clasificación o colocación |
Clasificación Decimal Dewey |
| Tipo de ítem Koha |
Libros |
| 999 ## - NÚMEROS DE CONTROL DE SISTEMA (KOHA) |
| Koha biblionumber |
14410 |